দ্য স্পিরিট অব ইসলাম : (Record no. 6614)
[ view plain ]
| 000 -LEADER | |
|---|---|
| fixed length control field | 00866nam a22002417a 4500 |
| 001 - CONTROL NUMBER | |
| JCCL Control Number | 6614 |
| 003 - CONTROL NUMBER IDENTIFIER | |
| JCCL marc code | BD-JhCC |
| 005 - DATE AND TIME OF LATEST TRANSACTION | |
| control field | 20200722134007.0 |
| 008 - FIXED-LENGTH DATA ELEMENTS--GENERAL INFORMATION | |
| fixed length control field | 180127b xxu||||| |||| 00| 0 eng d |
| 020 ## - INTERNATIONAL STANDARD BOOK NUMBER | |
| International Standard Book Number | 9848065377 |
| 035 ## - SYSTEM CONTROL NUMBER | |
| system control number | (BD-JhCC)6614 |
| 040 ## - CATALOGING SOURCE | |
| Original cataloging agency | BD-JhCC |
| Modifying agency | BD-JhCC |
| 041 ## - LANGUAGE CODE | |
| Language code of Book | eng |
| 082 ## - DEWEY DECIMAL CLASSIFICATION NUMBER | |
| Classification number | 297 |
| Author mark and Year | ALI 2005 |
| 100 ## - MAIN ENTRY--PERSONAL NAME | |
| Personal name | আলী, সৈয়দ আমীর |
| 245 ## - TITLE STATEMENT | |
| Title | দ্য স্পিরিট অব ইসলাম : |
| Remainder of title | ইসলামের মর্মবাণী / |
| Statement of responsibility, etc | সৈয়দ আমীর আলী, মোহাম্মদ দরবেশ আলী খান অনুবাদক |
| 260 ## - PUBLICATION, DISTRIBUTION, ETC. (IMPRINT) | |
| Place of publication, distribution, etc | ঢাকা ; |
| Name of publisher, distributor, etc | প্যাপিরাস, |
| Date of publication, distribution, etc | 2005. |
| 300 ## - PHYSICAL DESCRIPTION | |
| Pagination | 508 p. ; |
| Dimensions | 21 cm. |
| 650 ## - SUBJECT ADDED ENTRY--TOPICAL TERM | |
| Topical term or geographic name as entry element | Islam |
| 700 ## - ADDED ENTRY--PERSONAL NAME | |
| Personal name | খান, মোহাম্মদ দরবেশ আলী |
| 942 ## - ADDED ENTRY ELEMENTS (KOHA) | |
| Source of classification or shelving scheme | Dewey Decimal Classification |
| Koha item type | Books |
| Koha issues (borrowed), all copies | 4 |
| Source of classification or shelving scheme | Damaged status | Not for loan | Home library | Current library | Shelving location | Date of accession | Cost, normal purchase price | Total Checkouts | Full call number | Barcode | Date last seen | Date checked out | Copy number | Koha item type |
|---|---|---|---|---|---|---|---|---|---|---|---|---|---|---|
| Dewey Decimal Classification | JCC Rouf Library | JCC Rouf Library | General Stacks | 12/11/2024 | 350.00 | 3 | 297 ALI 2005 | 403 | 12/17/2024 | 12/11/2024 | C - 1 | Books |